000 01255nam a22003377a 4500
003 CO-BoRNBP
005 20230417164054.0
007 ta
008 230922n2021 ck o|||cr|||||00| 0 spa d
020 _a9789585105706
040 _aCO-BoRNBP
_bspa
_erda
_cCO-BoRNBP
041 0 _aspa
043 _as-ck---
082 0 4 _a027.4
_bC17l
_222
100 1 _aCárdenas, Alejandro
_eautor
_91330
245 1 0 _aLecturas diversas, experiencias enriquecidas
_bniños, niñas y adolescentes leyendo conversando y creando en la biblioteca pública
_cAlejandro Cárdenas, Juana Silva Puerta
250 _a1a. edición
264 1 _aBogotá, Colombia
_cMinisterio de Cultura
_b2021
300 _a44 páginas
_bfotografías, en blanco y negro
_c22 cm
336 _atexto
_btxt
_2rdacontent
337 _asin mediación
_bn
_2rdamedia
338 _avolumen
_bnc
_2rdacarrier
490 _aLeer es mi cuento
504 _aIncluye referencias bibliográficas
521 _aRecomendado para un público mayor de 12 años
650 1 7 _aLectura
_zGuías
_2LEMB
_91331
650 1 7 _aBibliotecas públicas
_zColombia
_vGuías
_2LEMB
_91332
650 1 7 _aPromoción de la lectura
_zColombia
_vGuías
_2LEMB
_91333
700 1 _aSilva Puerta, Juana
_eautora
_91334
942 _2ddc
_cBK
999 _c9405
_d9405